Hình biểu diễn đủ và hình biểu diễn có điều kiện /

Gespeichert in:
Bibliographische Detailangaben
1. Verfasser: Hòang Văn Thân
Format: Buch
Sprache:Vietnamese
Veröffentlicht: Hà Bắc : Đại học Trung học chuyên nghiệp , 1980
Schlagworte:
Tags: Tag hinzufügen
Keine Tags, Fügen Sie den ersten Tag hinzu!
Thư viện lưu trữ: Thư viện Trường CĐ Kỹ Thuật Cao Thắng
LEADER 00761nam a2200205 a 4500
001 TVCDKTCT1876
003 Thư viện trường Cao đẳng Kỹ thuật Cao Thắng
005 20050810000000
008 050810
980 \ \ |a Thư viện Trường CĐ Kỹ Thuật Cao Thắng 
024 |a RG_1 #1 eb0 i1 
041 0 # |a vie 
082 # # |a 516 /   |b H407TH-h 
100 1 # |a Hòang Văn Thân 
245 0 0 |a Hình biểu diễn đủ và hình biểu diễn có điều kiện /  |c Hòang Văn Thân 
260 # # |a Hà Bắc :  |b Đại học Trung học chuyên nghiệp ,  |c 1980 
300 # # |a 248tr. ;  |c 19cm 
650 # 4 |a Hình biểu diễn đủ 
650 # 4 |a Hình biểu diễn có điều kiện 
650 # 4 |a Hình học